000 01143nam a2200313 a 4500
999 _c424263
_d424263
003 BLK
005 20250710110612.0
008 210719b bul|||||r ||||||| ||bul||
020 _a9788327424785
040 _aBLK
041 _aBUL
_cBUL
080 _aОснови на четенето. Методи на обучение в четенето
_b373.3.016:028.1
_z373.3.016:028.1
080 _aБългарска литература
_b821.163.2
_x-93-34
_z821.163.2-93-34
139 _aЖивотните и техните истории
_bЖ 49
245 1 0 _aЖивотните и техните истории
_bКн. 1-2
_pКн. 2
257 _aBGR
260 _aСофия
_bИна
_c2021
_9216067
_n978-954-9328-
300 _c24 см
380 _aDN
490 _9460085
_aЧетене на срички
760 _aЖивотните и техните истории
_dСофия, 2021
_h48 с. : с цв. ил.
_oКн. 2
856 4 _qpdf
856 4 _qpdf
942 _cKNG
_n0
_062
_s1
944 _k30551
_aCR
_c2021-07-19
_lБояна Костадинова
999 _d424186
999 _d424186
999 _d424186